Migel' de Servantes

Podrobná bibliografia
Médium: Článok
Jazyk:ukrajinčina
Fyzický popis:Fotogr.
Predmet:
On-line prístup:www.rusini-ukrajinci.tym.sk

MARC

LEADER 00000nab a2200000 a 4500
001 vtls010690571
003 SK-MaSNL
005 20260426101806.0
008 150706c2015 xo mr p 000 c0ukr
015 |a SNBRB2015/07 
038 |a SVKPOCL 
040 |a SVKPOCL  |b slo  |c SVKPOCL  |e AACR2 
041 0 |a ukr 
044 |a xo  |c SK 
080 |a 821.134.2  |2 2001 
080 |a 80(=16)+908(4)  |2 2001 
080 |a 80(=161.2)+908(477)  |2 2001 
080 |a 821.134.2-051  |2 2001 
080 |a 929 Cervantes Saavedra, Miguel de  |2 2001 
245 0 0 |a Migel' de Servantes 
300 |b Fotogr. 
600 1 7 |a Cervantes Saavedra, Miguel de,  |d 1547-1616  |2 svkpocl  |9 108302 
650 0 7 |a španielska literatúra  |2 svkpocl  |9 1210 
650 0 7 |a osobnosti  |2 svkpocl  |9 29820 
650 0 7 |a slavistika  |2 svkpocl  |9 4282 
650 0 7 |a ukrajinistika  |2 svkpocl  |9 51200 
650 0 7 |a španielski spisovatelia  |2 svkpocl  |9 84540 
651 7 |a Španielsko  |2 svkpocl  |9 20008 
651 7 |a Madrid (Španielsko)  |2 svkpocl  |9 16057 
773 0 |t Veselka  |g Roč. 65, č. 9 (2014/2015), s. 9 
852 |a SVKPO  |b KIS3GCP 
856 4 1 |u www.rusini-ukrajinci.tym.sk 
958 |a UK 
958 |a LX 
958 |a ES 
958 |a SK 
958 |a SS 
999 |c 3239299  |d 3241229